| 000 -ლიდერი |
| ფიქსირებული სიგრძის საკონტროლო ველი |
01229nam a22002177a 4500 |
| 003 - საკონტროლო ნომრის იდენტიფიკატორი |
| საკონტროლო ველი |
Ge_BSU |
| 005 - ბოლო ოპერაციის თარიღი და დრო |
| საკონტროლო ველი |
20230605095444.0 |
| 008 - ფიქსირებული სიგრძის მონაცემთა ელემენტები - ზოგადი ინფორმაცია |
| ფიქსირებული სიგრძის საკონტროლო ველი |
230605s2014 ge ||||| |||| 00| 0 geo d |
| 020 ## - წიგნის საერთაშორისო სტანდარტული ნომერი |
| International Standard Book Number |
9789941070891 |
| 041 ## - ენის კოდი |
| Language code of text/sound track or separate title |
geo |
| 080 ## - უნივერსალური ათობითი კლასიფიკაციის ინდექსი |
| Universal Decimal Classification number |
75(479.22)(084.1) ვ-27 |
| 245 ## - ცნობა სათაურის შესახებ |
| Title |
ვახტანგ მუსხელიშვილი : |
| Remainder of title |
[გამოფენის კატალოგი] = Vaho Muskheli : [catalogue of Exhibition] / |
| Statement of responsibility, etc |
თარგმანი ირმა ხვედელიძე; ფოტო რიჩარდ ნიკოლი; ბაია გალერეა. |
| 264 ## - წარმოების, გამოცემის, დისტრიბუციის და სხვა ცნობები |
| გამოცემის, წარმოების, დისტრიბუციის... ადგილი |
თბილისი, |
| გამოცემის, წარმოების, დისტრიბუციის... თარიღი |
2014. |
| 300 ## - ფიზიკური აღწერა |
| Extent |
80 გვ. : |
| Other physical details |
ილ. ; |
| Dimensions |
25 სმ. |
| 500 ## - ზოგადი შენიშვნა |
| General note |
ეძღვნება ლაშა სულაკაურის ნათელ ხსოვნას |
| 501 ## - შენიშვნა თანმხლებ მასალაზე |
| With note |
თავფურ. და ტექსტი ქართ. და ინგლ. |
| 653 ## - INDEX TERM--UNCONTROLLED |
| Uncontrolled term |
ქართველი მხატვრების ფერწერული ალბომები. |
| 700 ## - ADDED ENTRY--PERSONAL NAME |
| Personal name |
ხვედელიძე, ირმა |
| Relator term |
მთარგმნელი |
| 9 (RLIN) |
16823 |
| 700 ## - ADDED ENTRY--PERSONAL NAME |
| Personal name |
ნიკოლი, რიჩარდ |
| Relator term |
ფოტო |
| 9 (RLIN) |
18455 |
| 942 ## - ADDED ENTRY ELEMENTS (KOHA) |
| Source of classification or shelving scheme |
|
| Koha item type |
წიგნი |